| 000 | 02609nam a2200265Ia 4500 | ||
|---|---|---|---|
| 003 | PE SENCICO BE | ||
| 005 | 20251020182429.0 | ||
| 008 | 200515s9999 xx 000 0 und d | ||
| 020 | _a978-84-7978-798-1 | ||
| 040 |
_aPE SENCICO BE _cPE SENCICO BE |
||
| 041 | _aspa | ||
| 082 |
_a382 _bG71 |
||
| 100 | 1 |
_aGonzáles Fernández, Francisco Javier _92441 _eautor |
|
| 245 | 1 | 0 |
_aContratación avanzada del mantenimiento / _cFrancisco Javier Gonzáles Fernández |
| 260 |
_a[Madrid] : _bDíaz de Santos ; _c2007 |
||
| 300 |
_a260 p. : _btbl., graf. ; _c24 cm. |
||
| 504 | _aBibliografía: p. 257 | ||
| 505 | 0 | _aIntroducción y tendencias mundiales -- La externacionalización de los servicios de mantenimiento como estrategia empresarial -- Razones para abordar la externalización -- Ventajas e inconvenientes de la contratación externa -- Cautelas ante la contratación externa -- El caso de los contratos de operación y mantenimiento O&M -- Reflexiones jurídicas sobre los contratos de mantenimiento -- La nueva norma UNE ENV 13269:2003 -- La cesión ilegal de trabajadores o prestamismo laboral -- La subrogación de trabajadores -- La responsabilidad civil en los contratos de mantenimiento -- El seguro en los contratos de mantenimiento -- La prevención de accidentes y la seguridad e higiene en los contratos de mantenimiento -- El proceso de empresas sujetas a la Ley de Contratos de las administraciones públicas -- El proceso adecuado para externalizar -- Preparación de pliegos de condiciones -- La solicitud de ofertas y su comparación -- La redacción y elaboración de los contratos de mantenimiento -- El seguimiento del contrato -- La gestión de los trabajos urgentes -- Calificación de contratistas y subcontratistas -- Ejemplo de un contrato vigente a perfeccionar -- La gestión del conocimiento en los contratos de mantenimiento -- Los nuevos contratos "ganador-ganador" (win to win) -- La utilización de Internet para contratar -- Resumen de factores críticos del éxito en un proceso moderno de contratación del mantenimiento. | |
| 520 | 3 | _aLa presente obra se pretende , partiendo de las razones que nos mueven y animan mayoritariamente a externalizar, dar pautas, y recomendaciones concretas y fácilmente asumibles por casi todos, para materializar procesos de contratación que permiten implicar a los contratistas como auténticos socios en estos proyectos. | |
| 650 | 1 | 0 |
_aContratación externa _92444 |
| 650 | 2 | 0 |
_aPlanificación empresarial _9419 |
| 650 | 2 | 0 |
_aEmpresas internacionales _92443 |
| 650 | 2 | 0 |
_aPlanificación estratégica _9731 |
| 942 |
_cLIB _2ddc |
||
| 999 |
_c181 _d181 |
||